000 00593nam a2200169Ia 4500
008 180921t2015 xxu||||| |||| 00| 0 sin d
041 _asin
080 _a101
_bENG
100 _aSuchcritha Gamlath
_etr.
245 _aලුඩ්විග් ෆොයබාක් හා සම්භාව්‍යය ජර්මානු දර්ශනවාදයේ අවසානය
246 _aLudvig Foyabak Ha Sambhawya Jarmanu Darshanawadaye Awasanaya
260 _bKamkaru Mawatha
_a
_c2015
300 _b124p, 22cm
942 _cBK
999 _c1571
_d1571
003 LK-CoDNM
040 _aLK-CoDNM
_dLK-CoDNM
_eLK-CoDNM